Ricostruisci la Carriera del Calciatore - Diego Forlán - Statistics

Statistiche generali
  • Questo quiz è stato fatto 7 volte
  • Il punteggio medio è 4 su 10
Statistiche sulle risposte
Hint Risposta % Corretto
2011-2012 Inter
67%
2012-2014 Internacional
50%
2018 Kitchee
50%
2015-2016 Peñarol
50%
2007-2011 Atlético Madrid
33%
2014-2015 Cerezo Osaka
33%
2002-2004 Manchester Utd
33%
2004-2007 Villarreal
33%
1998-2002 Independiente
17%
2016 Mumbai City
17%
Nessun quiz corrispondente trovato
Distribuzione punteggi
Percentuale di utenti per punteggio
Percentile per numero di risposta
I tuoi punteggi nel tempo
Non hai fatto questo quiz